000
00339nam a2200133Ia 4500
008
240624s9999 xx 000 0 und d
041
_a
eng
082
_a
658.3 FIT
100
_a
FITZ ENZ JAC
245
_a
HOW TO MEASURE HUMAN RESOURCES MANAGEMEN
260
_c
2002
_a
New York
_b
McGraw-Hill
300
_a
351 : p. : cm. ; 24
365
_c
RS
999
_c
18268
_d
18268